00793nam a22001937a 450000500170000001000150001702000260003203500140005803700090007208200130008124500720009426001010016627000700026730000340033770000330037194200240040499900190042895201520044720251120122852.0 aENG-145531 a9789391490317c880.00 aEN-129063 bDBAD a958.12100aAnalysing the Current Afgan Context/cEdited By Neeraj Singh Manhas aNew DelhibKW Publishers KW Publishers in association with Centre for Land Warfare Studiesc2022 a4676/21, First Floor, Ansari Road, Daryaganj, bNew Delhie110002 axxiii, 149p.c24cm(Hb)bIndex aManhas, Neeraj Singh 968545 2ddccENmANAh958.1 c212047d212047 001040708NFICaMbMd2025-07-03eDelivery of Books Act Divisiong880.00l0oANA 958.1pEN-129063r2025-07-03 00:00:00t1v880.00w2025-07-03yEN